Catálogo público

Sistema general de unidades de medida : Norma Oficial Mexicana NOM 008-SCFI-1993 / (Record no. 173603)

MARC details
000 -CABECERA
campo de control de longitud fija 00854nam a2200277Ia 4500
001 - NÚMERO DE CONTROL
campo de control dia_3104
003 - IDENTIFICADOR DEL NÚMERO DE CONTROL
campo de control CHAP
005 - FECHA Y HORA DE LA ÚLTIMA TRANSACCIÓN
campo de control 20230330114013.0
008 - DATOS DE LONGITUD FIJA--INFORMACIÓN GENERAL
campo de control de longitud fija 220117s1998 xx 000 0 und d
010 ## - NÚMERO DE CONTROL DE LA BIBLIOTECA DEL CONGRESO
Número de control de LC 173603
020 ## - NÚMERO INTERNACIONAL ESTÁNDAR DEL LIBRO
Número Internacional Estándar del Libro 970-18-1821-0
040 ## - FUENTE DE LA CATALOGACIÓN
Centro/agencia transcriptor CHAP
082 ## - NÚMERO DE LA CLASIFICACIÓN DECIMAL DEWEY
Número de clasificación C 389.16 I57 1998
245 ## - MENCIÓN DE TÍTULO
Título Sistema general de unidades de medida : Norma Oficial Mexicana NOM 008-SCFI-1993 /
Mención de responsabilidad, etc. Instituto Politécnico Nacional
260 ## - PUBLICACIÓN, DISTRIBUCIÓN, ETC.
Lugar de publicación, distribución, etc. México :
Nombre del editor, distribuidor, etc. I.P.N.,
Fecha de publicación, distribución, etc. 1998
300 ## - DESCRIPCIÓN FÍSICA
Extensión 94 p.
503 ## - NOTA DE HISTORIA BIBLIOGRÁFICA (BK CF MU) [OBSOLETO]
Nota de historia bibliográfica C/e
504 ## - NOTA DE BIBLIOGRAFÍA, ETC.
Nota de bibliografía, etc. Bibliografía: p. 93-94
650 ## - PUNTO DE ACCESO ADICIONAL DE MATERIA--TÉRMINO DE MATERIA
Término de materia o nombre geográfico como elemento de entrada Pesas y medidas
Subdivisión general Tablas
9 (RLIN) 154066
650 ## - PUNTO DE ACCESO ADICIONAL DE MATERIA--TÉRMINO DE MATERIA
Término de materia o nombre geográfico como elemento de entrada Sistema métrico
Subdivisión general Tablas
9 (RLIN) 154067
650 ## - PUNTO DE ACCESO ADICIONAL DE MATERIA--TÉRMINO DE MATERIA
Término de materia o nombre geográfico como elemento de entrada Unidades de medición
Subdivisión general Tablas
9 (RLIN) 154068
901 ## - ELEMENTOS DE DATOS A LOCAL LDA (RLIN)
a C 389.16 I57 1998
902 ## - ELEMENTOS DE DATOS B LOCAL, LDB (RLIN)
a M
905 ## - ELEMENTOS DE DATOS E LOCAL, LDE (RLIN)
a 5232271998 MX X 8222223322SPA16
942 ## - ELEMENTOS DE PUNTO DE ACCESO ADICIONAL (KOHA)
Tipo de ítem Koha Libro
Fuente del sistema de clasificación o colocación Dewey Decimal Classification
Holdings
Estado de retiro Estado de pérdida Fuente del sistema de clasificación o colocación Estado dañado Restricciones de uso No para préstamo Código de colección Localización permanente Ubicación/localización actual Fecha de adquisición Fuente de adquisición Coste, precio normal de compra Número de inventario Total de préstamos Signatura topográfica completa Código de barras Fecha visto por última vez Número de copia Tipo de ítem Koha
    Dewey Decimal Classification   Préstamo 5 días   Consulta Ingenieria Agroindustrial Ingenieria Agroindustrial 19/09/2000 Compra SEP-IPN F. 9616 / Res. (25-Sep-2000) 20.00 C/e   C 389.16 I57 1998 dia_005245 18/01/2022 Ej. 2 Libro
    Dewey Decimal Classification   Préstamo interno   Consulta Ingenieria Agroindustrial Ingenieria Agroindustrial 19/09/2000 Compra SEP-IPN F. 9616 / Res. (25-Sep-2000) 20.00 C/e   C 389.16 I57 1998 dia_005244 18/01/2022 Ej 1 Libro